Sabrina Carpenter Songs in Alphabetical Order - Statistics

General Stats
  • This quiz has been taken 23 times
  • The average score is 45 of 84
Answer Stats
Album Song % Correct
Short n' Sweet Juno
88%
Man's Best Friend Manchild
88%
emails i can't send fwd: because i liked a boy
81%
Short n' Sweet Taste
81%
Short n' Sweet Don't Smile
75%
Short n' Sweet Espresso
75%
Short n' Sweet Good Graces
75%
Man's Best Friend House Tour
75%
Man's Best Friend My Man on Willpower
75%
Short n' Sweet Please Please Please
75%
Short n' Sweet Sharpest Tool
75%
Short n' Sweet 15 Minutes
69%
Short n' Sweet Bed Chem
69%
Short n' Sweet Busy Woman
69%
Short n' Sweet Coincidence
69%
Man's Best Friend Don't Worry I'll Make You Worry
69%
emails i can't send fwd: Feather
69%
Man's Best Friend Goodbye
69%
emails i can't send fwd: Nonsense
69%
emails i can't send fwd: opposite
69%
emails i can't send fwd: Read your Mind
69%
Singular Act I Sue Me
69%
EVOLution Thumbs
69%
emails i can't send fwd: Vicious
69%
Eyes Wide Open Can't Blame a Girl for Trying
63%
Short n' Sweet Couldn't Make It Any Harder
63%
Short n' Sweet Dumb & Poetic
63%
emails i can't send fwd: emails i can't send
63%
emails i can't send fwd: Fast Times
63%
Singular Act II Looking at Me
63%
Man's Best Friend Never Getting Laid
63%
Man's Best Friend Nobody's Son
63%
Man's Best Friend Sugar Talking
63%
Man's Best Friend Tears
63%
emails i can't send fwd: Already Over
56%
emails i can't send fwd: Bad for Business
56%
Short n' Sweet Bad Reviews
56%
emails i can't send fwd: decode
56%
Eyes Wide Open Eyes Wide Open
56%
Man's Best Friend Go Go Juice
56%
Short n' Sweet Lie To Girls
56%
emails i can't send fwd: Lonesome
56%
Short n' Sweet Slim Pickins
56%
Man's Best Friend We Almost Broke Up Again Last Night
56%
Man's Best Friend When Did You Get Hot?
56%
Singular Act I Diamonds Are Forever
50%
Singular Act I Paris
50%
Singular Act II Pushing 20
50%
emails i can't send fwd: things i wish you said
50%
emails i can't send fwd: Tornado Warnings
50%
EVOLution All We Have Is Love
44%
Singular Act I Almost Love
44%
emails i can't send fwd: bet u wanna
44%
emails i can't send fwd: how many things
44%
emails i can't send fwd: skinny dipping
44%
Eyes Wide Open The Middle of Starting Over
44%
Singular Act I Bad Time
38%
Eyes Wide Open Best Thing I Got
38%
Eyes Wide Open Darling I'm a Mess
38%
EVOLution Don't Want It Back
38%
Singular Act II Exhale
38%
EVOLution Feels Like Loneliness
38%
Singular Act I Hold Tight
38%
Singular Act II I Can't Stop Me
38%
Singular Act II I'm Fakin
38%
Singular Act II In My Bed
38%
EVOLution Mirage
38%
Singular Act I Mona Lisa
38%
EVOLution On Purpose
38%
Eyes Wide Open Right Now
38%
Eyes Wide Open Seamless
38%
EVOLution Shadows
38%
EVOLution Space
38%
Singular Act II Take Off All Your Cool
38%
Singular Act II Take You Back
38%
Singular Act II Tell Em
38%
Eyes Wide Open Too Young
38%
Eyes Wide Open Two Young Hearts
38%
Eyes Wide Open We'll Be The Stars
38%
Eyes Wide Open White Flag
38%
Eyes Wide Open Your Love's Like
38%
EVOLution No Words
31%
Singular Act I prfct
31%
EVOLution Run and Hide
31%
No matching quizzes found
Score Distribution
Percent of People with Each Score
Percentile by Number Answered
Your Score History
You have not taken this quiz